Normal view MARC view
  • Ali, Muhammad Junaid

Entry Personal Name

Number of records used in: 1

001 - CONTROL NUMBER

  • control field: 129242

003 - CONTROL NUMBER IDENTIFIER

  • control field: NUST

005 - DATE AND TIME OF LATEST TRANSACTION

  • control field: 20250626155123.0

008 - FIXED-LENGTH DATA ELEMENTS

  • fixed length control field: 250626|| aca||aabn | a|a d

040 ## - CATALOGING SOURCE

  • Original cataloging agency: NUST
  • Transcribing agency: NUST

100 ## - HEADING--PERSONAL NAME

  • Personal name: Ali, Muhammad Junaid

670 ## - SOURCE DATA FOUND

  • Source citation: Work cat.: (NUST): Ali, Muhammad Junaid , Optimal Expansion of Interface Dynamics for Substructure Coupling /
© 2023 Central Library, National University of Sciences and Technology. All Rights Reserved.